| 000 | 00359nam a22001337a 4500 | ||
|---|---|---|---|
| 008 | 180911b xxu||||| |||| 00| 0 eng d | ||
| 020 | _a9780195168433 | ||
| 041 | _aeng | ||
| 080 |
_25 ED _a941 |
||
| 100 | _a16 | ||
| 101 | _aHIS | ||
| 245 |
_aThe twentieth Century World And Beyond An international History Since 1900 _cKeylor.W.R |
||
| 942 |
_2udc _cBK |
||
| 999 |
_c47676 _d47676 |
||